01672cam a22003495i 4500999001700000001001000017003000900027005001700036008004100053020002500094040004500119082001900164245009400183264005200277300004700329336002600376337002800402338002700430490003200457504005100489520034700540650003800887650003300925650004200958650005801000653002801058655001701086700002901103700003301132942001201165952014501177 c27616d27587016954658EG-ScBUE20190911124652.0141110s2015 enka f b 001 0 eng d a9781107646506 (pbk.) aStDuBDSbengerdacStDuBDSdUkdEG-ScBUE04a420.9bCOM22200aCommunicating early English manuscripts /cedited by Päivi Pahta and Andreas H. Jucker. 1aCambridge :bCambridge University Press,c2015. axxii, 290 pages :billustrations ;c23 cm. atextbtxt2rdacontent aunmediatedbn2rdamedia avolumebnc2rdacarrier0 aStudies in English language aIncludes bibliographical references and index. aThe first volume to focus on the communicative aspects of English manuscripts from the fourteenth to the nineteenth century. It demonstrates how these handwritten texts can be used to analyse the history of language as communication between individuals and groups, and discusses the challenges these documents present to present-day scholars. 7aEnglish languagexHistory.2BUEsh 7aManuscripts, English.2BUEsh 7aManuscripts, EnglishxHistory.2BUEsh 7aWritten communicationzGreat BritainxHistory.2BUEsh bHHUUEENNcSeptember2019 vReading book1 aPahta, Päivi,eeditor.1 aJucker, Andreas H.,eeditor. 2ddccBB 00102ddc40708BaccahaMAINbMAINc2NDd2019-09-11ePurchaseg356.00l0o420.9 COMp000048058r2025-07-15 00:00:00v445.00w2019-09-11yBB